| 000 | 01220nam a2200325 a 4500 | ||
|---|---|---|---|
| 001 | BRCA_6084 | ||
| 005 | 20190320205329.0 | ||
| 008 | 040510s1972----enka######---#000-0#eng-# | ||
| 020 | _a0500730024 | ||
| 041 | _aeng | ||
| 044 | _aenk | ||
| 050 | 4 |
_aN5208.5 _b.A78 2 1972 |
|
| 245 | 1 | 0 |
_aArt at Auction _bThe Year at Sotheby´s & Parke-Bernet, 1971-72 : Two Hundred and Thirty-Eighth Season _cedited by Philip Wilson and Annamaria Macdonald ; assisted by Joan Sarll. |
| 260 |
_aGran Bretaña _bThames and Hudson _c1972 |
||
| 300 |
_a448 p. _bil. (algunas a color) _c28 cm. |
||
| 500 | _aIncluye índice alfabético | ||
| 500 | _aCatálogo de subasta inventariado por Banco de México como libro | ||
| 500 | _aVer también C183 e Y142 (1966/67), Y109 (1967/68) y 3162 (1968/69) | ||
| 500 | _aC190 | ||
| 650 | 1 | 4 |
_aSubastas _xColeccionistas y colecciones _910730 |
| 650 | 1 | 4 |
_aArte _xColeccionistas y colecciones _97445 |
| 650 | 1 | 4 |
_aArte _vPrecios _915387 |
| 700 | 1 |
_aWilson, Philip _eEditor _915388 |
|
| 700 | 1 |
_aMacdonald, Annamaria _eEditora _915389 |
|
| 700 | 1 |
_aSarll, Joan _915390 |
|
| 710 | 2 |
_aSotheby´s (Londres) _910734 |
|
| 710 | 2 |
_aParke-Bernet (Nueva York) _910735 |
|
| 902 | _aGFM | ||
| 942 |
_2lcc _cB |
||
| 999 |
_c5771 _d5771 |
||